| 000 | 00583nam a2200193 a 4500 | ||
|---|---|---|---|
| 005 | 20231017063809.0 | ||
| 008 | 991125s1963 mx 000 0 eng u | ||
| 035 | _aUPN01000038513 | ||
| 049 | _aLT | ||
| 050 | 4 |
_aLB1631 M6.2 _bH3.4 1963 |
|
| 100 | 1 |
_aHamilton, J. _928890 |
|
| 245 | 1 | 0 |
_aMétodo de inglés : _bsegundo libro / _cpor J. Hamilton |
| 260 |
_aMéxico : _bProgreso, _c1963 |
||
| 300 |
_aviii, 231 p. : _bil. (algu |
||
| 500 | _aDisponible en la Colección Medina | ||
| 650 | 4 |
_aInglés _xEstudio y enseñanza (Secundaria) _95708 |
|
| 904 |
_aAC _b038515 |
||
| 905 | _aLibro | ||
| 999 |
_c38513 _d38513 |
||